Statistiken für Deutschland-Quiz

Klicken Sie hier um das Quiz zu spielen!

Allgemein

  • Dieses Quiz wurde 652 mal gespielt
  • Das Durchschnittsergebnis liegt bei 11 aus 15

Antwortstatistiken

FrageAntwort% Korrekt
Die aktuelle deutsche Hauptstadt heißt...Berlin
100%
Der oder die aktuelle Bundeskanzler/in heißt...Angela Merkel
99%
Die Amtssprache in Deutschland ist...Deutsch
99%
Welche Währung wird in Deutschland verwendet?Euro
98%
Welches Regierungssystem besitzt Deutschland?parlamentarische Demokratie
96%
Wie viele Einwohner leben in Deutschland (gerundet auf 1.000.000)83.000.000
95%
Die einwohnerreichste deutsche Stadt heißt...Berlin
91%
Wie heißt der deutsche Bundespräsident, das Staatsoberhaupt?Frank-Walter Steinmeier
89%
Wann wurde die Bundesrepublik Deutschland gegründet?23. Mai 1949
85%
Wie ist die deutsche Staatsform betitelt?parlamentarische Bundesrepublik
83%
Wie viele Einwohner leben in Deutschland im Durchschnitt pro km² (Bevölkerungsdichte)?232
57%
Wo spricht man Niederdeutsch als Regionalsprache?im Norden Deutschlands
52%
Wie viel Prozent beträgt die Bevölkerungsentwicklung nach neustem Stande?+0,4 %
43%
Wie viel km² Fläche besitzt Deutschland? (gerundet auf 10.000)360.000 km²
42%
Niederdeutsch ist nebenbei eine Amtssprache von welchem anderem Land?Brasilien
4%

Verteilung der Resultate

Perzentil nach korrekt beantworteten Fragen

Anzahl Personen mit jedem Resultat

Ihre Resultats-Entwicklung

Sie haben dieses Quiz noch nicht gespielt